The dynamics of physiologically structured populations
Salvato in:
| Autori principali: | , |
|---|---|
| Natura: | Libro |
| Lingua: | inglese |
| Pubblicazione: |
Berlín
Springer-Verlag
1986
|
| Serie: | Lecture Notes in Biomathematics, 68
|
| Soggetti: | |
| Tags: |
Aggiungi Tag
Nessun Tag, puoi essere il primo ad aggiungerne!!
|
MARC
| LEADER | 00000nam a2200000 a 4500 | ||
|---|---|---|---|
| 001 | UCW0769 | ||
| 003 | CL-VaPUC | ||
| 008 | 890529e19860000GW |||||||||||||||||eng|d | ||
| 082 | 0 | 4 | |a 570.15195 |b MET |2 21 |
| 100 | |a Metz, Johan A. J. |e autor |9 304693 | ||
| 700 | 0 | |a Diekmann, O |e author |9 304694 | |
| 245 | 1 | 4 | |a The dynamics of physiologically structured populations |
| 300 | |a 511 p | ||
| 942 | |c BK | ||
| 945 | |d 19890529 00:00:00 | ||
| 260 | |a Berlín |b Springer-Verlag |c 1986 | ||
| 650 | 7 | |a BIOMATEMATICAS |2 CL-VaPUC |9 260148 | |
| 650 | 0 | |a Población |9 257577 | |
| 650 | 0 | |a Biología |9 262022 | |
| 650 | 0 | |a Modelos matemáticos |9 259437 | |
| 583 | |a last modification |c 19890529 00:00:00 |k Rodrigo Vera | ||
| 490 | 0 | |a Lecture Notes in Biomathematics, 68 | |
| 999 | |c 215828 |d 215826 | ||